[Event "VII Pontevedra Masters-A 2019"]
[Site "Pontevedra"]
[Date "2019.08.10"]
[Round "3"]
[White "Krutti, Valer"]
[Black "Grigoryan, Karen H."]
[Result "0-1"]
[WhiteElo "2297"]
[BlackElo "2549"]
[Annotator "ChessBase"]
[PlyCount "74"]
[EventDate "2019.??.??"]
[EventCountry "ESP"]
[SourceTitle "playchess.com"]
[Source "ChessBase"]
[SourceQuality "1"]
[TimeControl "5400+30"]

1. d4 Nf6 2. Nf3 g6 3. c4 Bg7 4. Nc3 O-O 5. Bg5 c5 6. d5 b5 7. cxb5 a6 8. e4 axb5 9. Bxb5 Nxe4 10. Nxe4 Qa5+ 11. Nc3 Bxc3+ 12. bxc3 Qxb5 13. Nd2 Qd3 14. c4 d6 15. Rb1 Bf5 16. Rb3 Qd4 17. a3 Bd7 18. Qc1 Ba4 19. Rc3 Qe5+ 20. Be3 Nd7 21. O-O Qh5 22. Re1 f6 23. Ne4 g5 24. f4 gxf4 25. Bxf4 Kh8 26. Ng3 Qf7 27. Nf5 Ne5 28. Rg3 Bd7 29. Nh6 Qh5 30. Bxe5 dxe5 31. Re4 Ra6 32. Ng4 Bf5 33. Nf2 Bxe4 34. Nxe4 Qh4 35. Nxc5 Qd4+ 36. Qe3 Qa1+ 37. Kf2 Rb6 0-1

[Event "VII Pontevedra Masters-A 2019"]
[Site "Pontevedra"]
[Date "2019.08.10"]
[Round "3"]
[White "Buitron Ramil, David"]
[Black "Varela Peteira, David"]
[Result "1-0"]
[WhiteElo "1919"]
[BlackElo "1737"]
[Annotator "NA"]
[PlyCount "111"]
[EventDate "2019.??.??"]
[EventCountry "ESP"]
[SourceTitle "playchess.com"]
[Source "ChessBase"]
[SourceQuality "1"]
[TimeControl "5400+30"]

1. e4 c6 2. Nc3 d5 3. Nf3 Bg4 4. h3 Bxf3 5. Qxf3 dxe4 6. Nxe4 e6 7. Bc4 Nd7 8. Qe2 Ngf6 9. Ng5 Nd5 10. d3 Be7 11. Qh5 g6 12. Qg4 Ne5 13. Qg3 Nxc4 14. dxc4 Nf6 15. O-O h6 16. Nxe6 fxe6 17. Qxg6+ Kf8 18. Bxh6+ Rxh6 19. Qxh6+ Kf7 20. Rfe1 Qa5 21. Qe3 Qf5 22. Qe5 Qxe5 23. Rxe5 Bd6 24. Re2 Bc5 25. Rae1 Re8 26. g3 Re7 27. Kg2 Nd7 28. f4 Nb6 29. b3 Bb4 30. Rd1 Nd7 31. Rd3 e5 32. fxe5 Nxe5 33. Rde3 Kf6 34. g4 Bd6 35. Rf2+ Ke6 36. Rf5 b5 37. cxb5 cxb5 38. Rh5 Kd5 39. Re2 Kd4 40. Rd2+ Kc5 41. Rh6 Bc7 42. c3 Nc6 43. b4+ Kb6 44. Rf2 Kb7 45. g5 Re3 46. Rf3 Re2+ 47. Kf1 Rxa2 48. g6 Ne5 49. g7 Nxf3 50. g8=Q Nh2+ 51. Ke1 Nf3+ 52. Kd1 Rd2+ 53. Kc1 Rd7 54. Rh8 Bf4+ 55. Kb2 Rd2+ 56. Kb3 1-0

[Event "VII Pontevedra Masters-A 2019"]
[Site "Pontevedra"]
[Date "2019.08.10"]
[Round "3"]
[White "Herran Castro, Aitor"]
[Black "Buitron Ramil, David"]
[Result "0-1"]
[WhiteElo "1724"]
[BlackElo "1919"]
[Annotator "NA"]
[PlyCount "40"]
[EventDate "2019.??.??"]
[EventCountry "ESP"]
[SourceTitle "playchess.com"]
[Source "ChessBase"]
[SourceQuality "1"]
[TimeControl "5400+30"]

1. d4 e6 2. Nf3 c5 3. e3 Nf6 4. b3 Nc6 5. Bb2 b6 6. Nbd2 Bb7 7. c3 Rc8 8. Rc1 Ne7 9. dxc5 bxc5 10. Bb5 Ned5 11. Nc4 Be7 12. Nce5 O-O 13. O-O d6 14. Nd3 a6 15. Bc4 Nb6 16. Qe2 d5 17. Rfd1 Qc7 18. Nxc5 dxc4 19. Nxb7 Qxb7 20. Ne5 Qc7 0-1

[Event "VII Pontevedra Masters-A 2019"]
[Site "Pontevedra"]
[Date "2019.08.11"]
[Round "5"]
[White "Shirov, Alexei"]
[Black "Pulvett Marin, Daniel Eduardo"]
[Result "1/2-1/2"]
[WhiteElo "2658"]
[BlackElo "2474"]
[Annotator "TA"]
[PlyCount "103"]
[EventDate "2019.??.??"]
[EventCountry "ESP"]
[SourceTitle "playchess.com"]
[Source "ChessBase"]
[SourceQuality "1"]

{[%evp 18,103,18,4,21,0,32,33,2,0,14,0,35,0,0,0,0,0,0,0,0,0,0,-56,-38,-36,-49,-80,-31,-33,-33,-30,-17,-28,-19,-65,-12,-78,-79,-100,-14,-19,0,-40,-30,-46,-19,-41,0,0,0,0,0,-27,0,-19,0,0,0,0,0,0,56,58,48,0,11,8,8,8,8,-8,-8,-44,-31,-44,-1,-14,0,0,0,0,0,0,0,0,0,0]} 1. e4 c5 2. Nf3 d6 3. d4 cxd4 4. Nxd4 Nf6 5. Nc3 a6 6. Be3 e5 7. Nb3 Be6 8. f3 h5 9. Qd2 Nbd7 10. O-O-O b5 {B90: Sicilian Najdorf: Unusual White 6th moves, 6 Be3 Ng4 and 6 Be3 e5} 11. h3 (11. Kb1 Rc8 12. g3 Be7 13. Nd5 Nxd5 14. exd5 Bf5 15. Bd3 Bxd3 16. Qxd3 O-O 17. Rhg1 f5 18. h3 {1-0 (47) Aronian,L (2767)-Vachier Lagrave,M (2779) Saint Louis 2018}) 11... Rc8 12. f4 Be7 {White is slightly better.} 13. Kb1 Qc7 14. Bd3 h4 15. fxe5 {[#]} dxe5 $146 ({Predecessor:} 15... Nxe5 16. Nd4 Nc4 17. Qe1 Nxe3 18. Qxe3 Qc5 {0-1 (43) Firman,N (2494)-Areshchenko,A (2533) Sudak 2002}) 16. Nd5 Bxd5 17. exd5 Nxd5 18. Bf5 N5f6 $1 19. Bg5 {Black must now prevent Bxf6.} Rd8 20. Qf2 (20. Rhe1 $11) 20... Ne4 $15 {[%mdl 64] Discovered Attack} 21. Bxe4 Bxg5 22. g3 Bf6 23. g4 Bg5 24. Rhf1 {[%csl Gf1][%cal Rf2f7]} Bf4 25. g5 g6 26. Nc1 Nc5 ({Black should play} 26... O-O $1 $15 27. Nd3 Nb6 28. Nxf4 Rxd1+ 29. Rxd1 exf4) 27. Bd5 (27. Rxd8+ $11 {keeps the balance.} Kxd8 28. Bd5) 27... O-O 28. Qxh4 Qe7 ({Better is} 28... Rd7 $17 29. Nb3 Qd8 30. Nxc5 Rxd5 31. Rxd5 Qxd5) 29. Qg4 $1 $11 Rd6 {Threatens to win with ...Rfd8.} ({Weaker is} 29... Qxg5 {[#]} 30. Rxf4 $1 {[%mdl 512]} Qxg4 31. Rxg4 $18) ({Avoid the trap} 29... Bxg5 $2 30. h4 $1 $18 {[%mdl 512]}) 30. h4 Rfd8 31. Bg2 Qe6 32. Qf3 Rd2 33. Rxd2 Rxd2 34. Nb3 Nxb3 35. axb3 Kg7 (35... Qc8 $5 {[%cal Rc8c2]} 36. Qe4 Qg4 37. Qa8+ Kg7 $15) 36. Rh1 Qf5 37. Qc6 $1 {Strongly threatening Bh3.} Qd7 38. Qf6+ Kg8 39. Qxa6 Rd6 (39... Rd1+ $11 40. Ka2 Rxh1 41. Bxh1 b4) 40. Qa8+ $14 Kg7 41. Be4 b4 42. Bd3 {Hoping for h5.} Qc6 $132 {[%mdl 2048] Black is not keeping still} 43. Qxc6 Rxc6 $11 {[%mdl 4096] Endgame KRB-KRB} 44. Rh3 Rc8 45. Be4 Rh8 {[%mdl 1024] ...Bxg5! is the strong threat. Black has compensation.} 46. Bg2 Rd8 (46... e4 $5) 47. c3 {The position is equal.} Rd2 48. Ba8 Rd8 49. Bb7 Rd7 50. Ba8 Rd8 51. Bb7 Rd7 52. Ba8 {Accuracy: White = 50%, Black = 47%.} 1/2-1/2

[Event "VII Pontevedra Masters-A 2019"]
[Site "Pontevedra"]
[Date "2019.08.11"]
[Round "5"]
[White "Ruck, Robert"]
[Black "Narciso Dublan, Marc"]
[Result "1/2-1/2"]
[WhiteElo "2524"]
[BlackElo "2489"]
[Annotator "ChessBase"]
[PlyCount "53"]
[EventDate "2019.??.??"]
[EventCountry "ESP"]
[SourceTitle "playchess.com"]
[Source "ChessBase"]
[SourceQuality "1"]
[TimeControl "5400+30"]

1. Nf3 Nf6 2. c4 e6 3. Nc3 Bb4 4. Qc2 O-O 5. a3 Bxc3 6. Qxc3 b6 7. b4 Bb7 8. Bb2 d6 9. e3 c5 10. Be2 e5 11. O-O Re8 12. Rae1 Nbd7 13. d4 cxd4 14. exd4 Rc8 15. dxe5 dxe5 16. Qb3 Qc7 17. Rd1 Nf8 18. Rfe1 Ng6 19. Bf1 Qb8 20. h3 Re7 21. Re3 Rce8 22. Rde1 h6 23. Qc3 Nd7 24. Qc2 Qa8 25. Qc3 Qb8 26. Qc2 Qa8 27. Qc3 1/2-1/2

[Event "VII Pontevedra Masters-A 2019"]
[Site "Pontevedra"]
[Date "2019.08.11"]
[Round "5"]
[White "Rodriguez Vila, Andres"]
[Black "Senlle Caride, Miguel"]
[Result "1-0"]
[WhiteElo "2492"]
[BlackElo "2357"]
[Annotator "ChessBase"]
[PlyCount "107"]
[EventDate "2019.??.??"]
[EventCountry "ESP"]
[SourceTitle "playchess.com"]
[Source "ChessBase"]
[SourceQuality "1"]
[TimeControl "5400+30"]

1. e4 e5 2. Nf3 Nc6 3. Bc4 Nf6 4. Ng5 d5 5. exd5 Na5 6. Bb5+ c6 7. dxc6 bxc6 8. Bd3 Nd5 9. Nf3 Bd6 10. O-O O-O 11. Re1 Bg4 12. h3 Bxf3 13. Qxf3 f5 14. Bxf5 Qe7 15. c4 Nf4 16. Qe4 Qf6 17. Bxh7+ Kh8 18. d3 Nxh3+ 19. gxh3 Qxf2+ 20. Kh1 Rf3 21. Bf5 Rf8 22. Bg4 Qxe1+ 23. Qxe1 Rf1+ 24. Qxf1 Rxf1+ 25. Kg2 Rxc1 26. Bf5 Bc5 27. h4 Bd4 28. a4 g6 29. Bxg6 Rg1+ 30. Kh3 Rxg6 31. Nd2 c5 32. Rf1 Kg7 33. Ne4 Nc6 34. h5 Rg1 35. Rf3 Nd8 36. Rf6 Rh1+ 37. Kg4 Rg1+ 38. Kh4 Rh1+ 39. Kg4 Nf7 40. Rg6+ Kf8 41. Ra6 Rg1+ 42. Kf5 Rg7 43. b3 Rh7 44. Nf6 Nh6+ 45. Ke4 Rf7 46. a5 Kg7 47. Ne8+ Kh7 48. Nd6 Rf4+ 49. Kd5 Rf3 50. Rxa7+ Kg8 51. a6 Rxd3 52. Ra8+ Kg7 53. a7 e4 54. Re8 1-0

[Event "VII Pontevedra Masters-A 2019"]
[Site "Pontevedra"]
[Date "2019.08.11"]
[Round "5"]
[White "Khamrakulov, Ibragim S."]
[Black "Gonzalez Trigal, Jose Luis"]
[Result "1-0"]
[WhiteElo "2437"]
[BlackElo "2339"]
[Annotator "NA"]
[PlyCount "67"]
[EventDate "2019.??.??"]
[EventCountry "ESP"]
[SourceTitle "playchess.com"]
[Source "ChessBase"]
[SourceQuality "1"]
[TimeControl "5400+30"]

1. e4 e5 2. Nf3 Nc6 3. Bc4 Nf6 4. d3 Be7 5. O-O O-O 6. a4 d5 7. exd5 Nxd5 8. h3 Kh8 9. Re1 f6 10. Nc3 Be6 11. Ne4 Qd7 12. d4 Rad8 13. dxe5 Nxe5 14. Nxe5 fxe5 15. Bg5 Nf6 16. Qxd7 Bxd7 17. Bh4 h6 18. Bg3 Bc6 19. Nc3 e4 20. Bxc7 Rd2 21. Re2 Rxe2 22. Nxe2 Nd5 23. Bg3 Bc5 24. a5 e3 25. f3 b5 26. axb6 axb6 27. Kf1 g5 28. Be5+ Nf6 29. b4 Be7 30. Ra7 Rd8 31. Nd4 Bd7 32. Ne6 Bxe6 33. Bxe6 Re8 34. Rxe7 1-0

[Event "VII Pontevedra Masters-A 2019"]
[Site "Pontevedra"]
[Date "2019.08.11"]
[Round "5"]
[White "Solozhenkin, Evgeniy"]
[Black "Grigoryan, Karen H."]
[Result "0-1"]
[WhiteElo "2423"]
[BlackElo "2549"]
[Annotator "ChessBase"]
[PlyCount "74"]
[EventDate "2019.??.??"]
[EventCountry "ESP"]
[SourceTitle "playchess.com"]
[Source "ChessBase"]
[SourceQuality "1"]
[TimeControl "5400+30"]

1. e4 c5 2. Nf3 d6 3. d4 cxd4 4. Nxd4 Nf6 5. f3 e5 6. Nb3 Be6 7. c4 Qc7 8. Na3 a6 9. Be3 Be7 10. Be2 O-O 11. Rc1 Nfd7 12. O-O h6 13. Qd2 Nc6 14. Nb1 Nc5 15. Nc3 Nxb3 16. axb3 Bg5 17. Bxg5 hxg5 18. Qxg5 Qb6+ 19. Rf2 Qxb3 20. Bd1 Qb6 21. Nd5 Bxd5 22. exd5 Nd4 23. f4 f6 24. Qg6 exf4 25. Rc3 Rae8 26. Kf1 Re5 27. Rh3 Rfe8 28. Qh7+ Kf8 29. Qh8+ Ke7 30. Qxg7+ Kd8 31. g3 Nf5 32. Qxf6+ Kc7 33. Be2 Qxb2 34. Rh7+ Kb8 35. Rh8 Qb1+ 36. Kg2 Ne3+ 37. Kh3 Qf5+ 0-1

[Event "VII Pontevedra Masters-A 2019"]
[Site "Pontevedra"]
[Date "2019.08.11"]
[Round "5"]
[White "Portela Peleteiro, Alberto"]
[Black "Manolache, Marius"]
[Result "0-1"]
[WhiteElo "2375"]
[BlackElo "2504"]
[Annotator "ChessBase"]
[PlyCount "94"]
[EventDate "2019.??.??"]
[EventCountry "ESP"]
[SourceTitle "playchess.com"]
[Source "ChessBase"]
[SourceQuality "1"]
[TimeControl "5400+30"]

1. e4 d6 2. d4 Nf6 3. Nc3 g6 4. Bg5 Nbd7 5. Qd2 h6 6. Bh4 Bg7 7. f4 Nb6 8. Bd3 c6 9. Nf3 Bg4 10. O-O-O Qd7 11. Kb1 O-O-O 12. Qf2 Nh5 13. Ne2 Bf6 14. Bxf6 Nxf6 15. h3 Bxf3 16. Qxf3 h5 17. e5 Nfd5 18. a3 Kb8 19. g4 Nc7 20. f5 hxg4 21. Qxg4 gxf5 22. Bxf5 e6 23. Bd3 dxe5 24. dxe5 Qe7 25. Rdg1 Nd7 26. Qg7 Qc5 27. Rg5 Rdf8 28. b4 Qe3 29. Rf1 Ne8 30. Rg3 Qxe2 31. Bxe2 Nxg7 32. Rxg7 Nxe5 33. Rg3 Kc7 34. Re3 Nd7 35. h4 Rxh4 36. Rg3 Kd6 37. c4 Ke7 38. c5 a5 39. bxa5 Nxc5 40. Rc1 Ne4 41. Re3 Rd8 42. a6 bxa6 43. Rxc6 Rh1+ 44. Kc2 Rd2+ 45. Kb3 Rb1+ 46. Ka4 Rd4+ 47. Ka5 Rd5+ 0-1

[Event "VII Pontevedra Masters-A 2019"]
[Site "Pontevedra"]
[Date "2019.08.11"]
[Round "5"]
[White "Kukov, Velislav"]
[Black "Petkov, Vladimir"]
[Result "1/2-1/2"]
[WhiteElo "2349"]
[BlackElo "2497"]
[Annotator "ChessBase"]
[PlyCount "43"]
[EventDate "2019.??.??"]
[EventCountry "ESP"]
[SourceTitle "playchess.com"]
[Source "ChessBase"]
[SourceQuality "1"]
[TimeControl "5400+30"]

1. d4 d5 2. Bf4 Nf6 3. Nf3 c5 4. c3 e6 5. e3 Nc6 6. Nbd2 Bd6 7. Bg3 O-O 8. Bd3 Qe7 9. Ne5 Nd7 10. Nxd7 Qxd7 11. Bxd6 Qxd6 12. dxc5 Qxc5 13. Bxh7+ Kxh7 14. Qh5+ Kg8 15. Ne4 g6 16. Qg5 Qe7 17. Nf6+ Kg7 18. Nh5+ Kg8 19. Nf6+ Kg7 20. Nh5+ Kh7 21. Nf6+ Kg7 22. Nh5+ 1/2-1/2

[Event "VII Pontevedra Masters-A 2019"]
[Site "Pontevedra"]
[Date "2019.08.11"]
[Round "5"]
[White "Solozhenkina, Elizaveta"]
[Black "Bernal Moro, Luis Javier"]
[Result "1/2-1/2"]
[WhiteElo "2324"]
[BlackElo "2428"]
[Annotator "NA"]
[PlyCount "64"]
[EventDate "2019.??.??"]
[EventCountry "ESP"]
[SourceTitle "playchess.com"]
[Source "ChessBase"]
[SourceQuality "1"]
[TimeControl "5400+30"]

1. d4 Nf6 2. Nf3 g6 3. g3 Bg7 4. Bg2 O-O 5. O-O d6 6. Nc3 Nc6 7. d5 Nb8 8. e4 e5 9. dxe6 Bxe6 10. Nd4 Bd7 11. h3 Nc6 12. Be3 Re8 13. Re1 Qc8 14. Kh2 a6 15. f4 Nxd4 16. Bxd4 Bc6 17. Qd3 b5 18. Nd5 Bxd5 19. exd5 Qd7 20. c4 b4 21. a3 Rxe1 22. Rxe1 bxa3 23. bxa3 Rb8 24. c5 Qa4 25. Re7 Qxd4 26. Qxd4 Ng4+ 27. hxg4 Bxd4 28. c6 Bb6 29. g5 Kf8 30. Re4 Bc5 31. Ra4 Rb3 32. Rxa6 Rxa3 1/2-1/2

[Event "VII Pontevedra Masters-A 2019"]
[Site "Pontevedra"]
[Date "2019.08.11"]
[Round "5"]
[White "Garcia Suarez, Belarmino"]
[Black "Buitron Ramil, David"]
[Result "0-1"]
[WhiteElo "1823"]
[BlackElo "1919"]
[Annotator "NA"]
[PlyCount "54"]
[EventDate "2019.??.??"]
[EventCountry "ESP"]
[SourceTitle "playchess.com"]
[Source "ChessBase"]
[SourceQuality "1"]
[TimeControl "5400+30"]

1. d4 Nf6 2. c4 d6 3. Nc3 e5 4. dxe5 dxe5 5. Qxd8+ Kxd8 6. Bg5 Be6 7. e3 Nbd7 8. Nf3 Kc8 9. Be2 Bb4 10. Bxf6 Bxc3+ 11. bxc3 gxf6 12. O-O h6 13. Nd2 Nb6 14. f4 Rd8 15. Rad1 Na4 16. f5 Nxc3 17. fxe6 Nxe2+ 18. Kf2 Nc3 19. e7 Nxd1+ 20. Rxd1 Re8 21. Ne4 f5 22. Ng3 Rxe7 23. Nxf5 Rd7 24. Ra1 Rd2+ 25. Kf3 Kd7 26. Nxh6 Ke6 27. Ng4 f5 0-1

[Event "VII Pontevedra Masters-A 2019"]
[Site "Pontevedra"]
[Date "2019.08.12"]
[Round "6"]
[White "Grigoryan, Karen H."]
[Black "Pulvett Marin, Daniel Eduardo"]
[Result "1-0"]
[WhiteElo "2549"]
[BlackElo "2474"]
[Annotator "TA"]
[PlyCount "101"]
[EventDate "2019.??.??"]
[EventCountry "ESP"]
[SourceTitle "playchess.com"]
[Source "ChessBase"]
[SourceQuality "1"]

{[%evp 9,101,30,43,20,22,21,18,28,21,14,23,16,14,21,18,15,14,23,32,23,56,43,53,46,56,35,38,31,28,25,14,12,94,91,91,91,100,100,100,88,97,101,136,136,149,145,140,145,150,118,146,96,159,160,157,160,161,159,176,155,176,183,178,174,174,191,172,191,232,212,292,269,293,287,394,389,618,577,577,525,1739,1620,2555,2276,3295,2550,29975,29976,29981,29982,29981,29981,29944,6199]} 1. d4 d5 2. c4 c6 3. Nf3 Nf6 4. e3 Bf5 5. Nc3 a6 6. Be2 {D15: Slav Defence: 4 Nc3 a6 and gambit lines after 4 Nc3 dxc4} (6. Qb3 {feels hotter.} b5 7. c5 Nbd7 8. Nh4 Bg6 9. a4) 6... h6 7. Bd3 Bxd3 8. Qxd3 {The position is equal.} e6 9. O-O Bb4 10. Bd2 {next Nxd5 is good for White.} O-O 11. Rfd1 a5 12. a3 Bxc3 13. bxc3 {[#]} dxc4 $146 ({Predecessor:} 13... Nbd7 14. cxd5 cxd5 {½-½ (71) Rozum,I (2586)-Andreikin,D (2705) Sochi 2017}) 14. Qxc4 Qd5 15. Qe2 c5 16. c4 $36 {[%mdl 2048] White has the initiative.} Qe4 17. Bc3 Nbd7 18. Qb2 Rfc8 19. Nd2 Qc6 20. dxc5 e5 (20... a4 $11 {keeps the balance.}) 21. Bxe5 $16 Nxe5 22. Qxe5 Qxc5 23. Qxc5 Rxc5 24. Kf1 Rd8 25. Ke2 b5 26. cxb5 Nd5 {With the idea ...Nc3+.} 27. Rdc1 Rxb5 {Black wants to play ...Rb2.} 28. Rc2 a4 29. Nf3 Rb3 30. Rd1 {Hoping for Ke1.} Rb2 (30... Rd7 $142) 31. Rdd2 ({And not} 31. Rxb2 Nc3+ 32. Kf1 Rxd1+ 33. Ne1 Ra1 $15) 31... Rxc2 32. Rxc2 {[%mdl 4096] Endgame KRN-KRN} Rb8 {intending ...Rb3.} 33. Nd4 Rb1 34. Rc5 Nf6 35. Rc4 Nd5 36. e4 Nb6 37. Rb4 Rxb4 38. axb4 $18 {KN-KN} Kf8 39. Kd3 Ke7 40. Nf5+ Kf6 41. Kc3 Ke5 42. f3 Kf4 (42... Kf6 $142 43. b5 a3) 43. Nxg7 Ke3 44. Nf5+ Ke2 45. Nxh6 Kd1 46. Kb2 Nc4+ 47. Ka2 Kc2 48. Nxf7 {White mates.} Kc3 49. e5 Nb6 50. e6 Nd5 51. Ka3 {Accuracy: White = 79%, Black = 43%.} 1-0

[Event "VII Pontevedra Masters-A 2019"]
[Site "Pontevedra"]
[Date "2019.08.12"]
[Round "6"]
[White "Manolache, Marius"]
[Black "Ruck, Robert"]
[Result "1/2-1/2"]
[WhiteElo "2504"]
[BlackElo "2524"]
[Annotator "TA"]
[PlyCount "74"]
[EventDate "2019.??.??"]
[EventCountry "ESP"]
[SourceTitle "playchess.com"]
[Source "ChessBase"]
[SourceQuality "1"]

{[%evp 9,74,0,0,-16,0,0,0,0,0,0,0,-9,0,-18,-1,-14,0,0,2,0,0,0,6,5,18,21,18,0,4,0,27,4,41,36,22,0,6,10,19,18,23,21,21,20,20,22,25,8,27,0,16,0,28,14,27,16,24,24,25,20,16,24,18,17,12,0,0]} 1. d4 Nf6 2. Bg5 d5 3. Nd2 c5 4. dxc5 (4. e3 Nc6 5. Ngf3 cxd4 6. exd4 Bg4 7. c3 e6 8. Qb3 Qb6 9. Bf4 Nd7 10. Bd3 Be7 11. O-O Bh5 {0-1 (52) Artemiev,V (2709)-Giri,A (2783) St Petersburg 2018}) 4... Na6 5. Ngf3 Nxc5 6. e3 {D00: 1 d4 d5: Unusual lines} e6 7. Be2 Be7 8. O-O O-O 9. c4 b6 10. Qc2 $146 ({Predecessor:} 10. cxd5 Nxd5 {½-½ (10) Ammar,S (2068)-Jovic,S (2240) Paracin 2019}) 10... Bb7 11. Rfd1 Rc8 12. Rac1 h6 13. Bf4 Bd6 14. Bxd6 Qxd6 15. b4 Ncd7 16. Qb2 Qe7 17. a3 Rfd8 18. cxd5 Nxd5 19. Nc4 Rc7 20. Bf1 Rdc8 21. Nd4 {Nb5 is the strong threat.} a6 22. Qd2 N5f6 23. f3 Bd5 {[%cal Rd5c4]} 24. Nb2 Bb7 25. Rxc7 Rxc7 26. e4 Ne5 27. Qf4 Ng6 28. Qe3 Ne5 29. Qf4 Ng6 30. Qe3 Ne5 31. Be2 b5 32. Nb3 Rc2 33. Rd2 Qc7 {[#] White must now prevent ...Rc3.} 34. Nc5 Rxd2 35. Qxd2 Nfd7 36. Nxd7 Nxd7 37. Qd4 e5 {Accuracy: White = 73%, Black = 66%.} 1/2-1/2

[Event "VII Pontevedra Masters-A 2019"]
[Site "Pontevedra"]
[Date "2019.08.12"]
[Round "6"]
[White "Petkov, Vladimir"]
[Black "Prieto Aranguren, Alain"]
[Result "1-0"]
[WhiteElo "2497"]
[BlackElo "2272"]
[Annotator "TA"]
[PlyCount "95"]
[EventDate "2019.??.??"]
[EventCountry "ESP"]
[SourceTitle "playchess.com"]
[Source "ChessBase"]
[SourceQuality "1"]

{[%evp 13,95,25,45,41,44,41,62,11,66,56,60,41,70,41,52,25,77,60,77,3,0,0,0,0,0,0,0,0,-8,-13,-18,-10,-16,-39,29,35,277,226,183,81,84,82,74,0,82,81,81,81,81,81,81,51,88,73,104,89,259,87,95,79,94,-126,157,177,170,157,166,173,654,646,657,628,652,650,635,627,1168,479,758,767,1012,660,1731,1639]} 1. d4 Nf6 2. c4 g6 3. Nc3 Bg7 4. e4 d6 5. h3 O-O 6. Be3 e5 7. d5 a5 ({Predecessor:} 7... c6 8. g4 cxd5 9. cxd5 a5 10. Nge2 Na6 11. Ng3 Nd7 12. h4 Ndc5 {½-½ (47) Lajthajm,B (2422)-Popadic,D (2261) Budva 2003}) 8. g4 {E71: King's Indian: 4 e4 d6 5 h3} Na6 9. Nge2 Nd7 10. Ng3 $146 (10. h4 $14) (10. Qd2 Ndc5 11. Ng3 c6 12. Be2 cxd5 13. cxd5 a4 14. h4 Bd7 15. h5 Rc8 {0-1 (39) Caruana,F (2832)-Nakamura,H (2746) London 2018}) 10... Ndc5 ({Better is} 10... Bf6 $11) 11. h4 $14 c6 12. h5 cxd5 13. cxd5 Bd7 14. Be2 Rb8 (14... Nc7 $11) 15. Qd2 b5 {[%cal Bb7b5,Bb5b4,Bb4b3][%mdl 32]} 16. Kf1 (16. Rc1 $16) 16... b4 $11 17. Nd1 Nc7 $1 18. Kg2 Nb5 19. f3 Nd4 20. Nf2 b3 21. a3 Nc2 22. Bxc5 dxc5 23. Rac1 Qb6 (23... Bf6 $15) 24. Bc4 a4 $2 (24... Qf6 $14) 25. hxg6 $18 hxg6 26. Rh2 (26. Nf5 $1 $18 {[%cal Rf5e7] and the rest is easy.} gxf5 27. gxf5) 26... Qf6 $16 27. Ne2 Nd4 28. Qe3 ({White should play} 28. Rh3 $16) 28... Rfc8 (28... Nc2 $1 $11 29. Qd2 (29. Qxc5 $2 Rbc8 $19) 29... Nd4) 29. Nd3 Nc2 30. Qd2 $1 Nd4 31. Rh3 Nc2 32. Nc3 Rb6 33. Rch1 Rd6 34. Rh7 {Hoping for g5.} Nb4 $2 (34... Nd4 $16) 35. Ne1 $2 (35. axb4 cxb4 36. Nxb4 Rxc4 $11) (35. g5 $18 {is the precise move to win.} Qe7 36. Nf2 (36. axb4 cxb4 37. Nxb4 Rxc4 $14)) 35... Qf4 36. Qf2 {Black must now prevent Qh4.} Nc2 37. Bb5 $2 (37. Nxc2 $16 {stays on course. And now Qh4 would win.} bxc2 38. Qxc2) 37... Ne3+ $2 {[%mdl 8192]} (37... Bxg4 $1 $17 {...Rf6 is the strong threat.} 38. Nd3 (38. fxg4 Qxg4+ 39. Qg3 Nxe1+ {[%mdl 64] Pin} 40. Kh2 Nf3+ 41. Kg2 Qxg3+ 42. Kxg3 Nd4 $17) 38... Ne3+ 39. Kg1 Qxf3 40. Rxg7+ Kxg7 41. Nxe5 Qf6 42. Qxe3 Qxe5 43. Qh6+ Kg8) 38. Kg1 Nc2 39. Bxd7 Rxd7 40. Nd3 $40 {[%mdl 192] Double Attack. White wants a kill.} ({Worse is} 40. Nxa4 Qc1 $14) 40... Qg5 $2 (40... Qe3) 41. Qh2 $1 $18 {White is clearly winning.} Qe3+ {[#]} 42. Kg2 $1 {[%mdl 512]} Qd2+ 43. Nf2 $1 {Threatening mate with Rh8+!} ({Less strong is} 43. Kg3 Qxh2+ 44. R7xh2 c4 $14) 43... Ne3+ 44. Kg3 {Intending Rh8+! and mate.} f5 {[#] aiming for ...f4+.} 45. exf5 (45. Rxg7+ $142 $1 {[%mdl 512]} Rxg7 46. Qh8+ Kf7 47. Qxc8 {[%mdl 64] Double Attack} f4+ {[#]} 48. Kh4 $1 {[%mdl 512]} g5+ 49. Kh5 Qxf2 50. Qe6+ Kf8 51. Qf6+ Kg8 52. Kh6 (52. Qe6+ Kh7 $11)) 45... Nf1+ (45... Nxf5+ $142 46. gxf5 Qf4+ 47. Kg2 Qxh2+ 48. R7xh2 gxf5) 46. Rxf1 gxf5 47. Rh1 {White wants to mate with Rh8+!} Qg5 {[#]} 48. Rh8+ $1 {Accuracy: White = 56%, Black = 41%.} 1-0